03229nam a2200385 a 4500001001000000003000400010005001700014008004100031020001800072040002500090049000900115082002100124100003800145245010300183250002700286260006600313300003500379490002700414500006400441504005600505505130000561600006801861650005601929651005601985651005402041830003402095910003702129942001402166952013402180952013402314952013402448952011902582952012502701999001702826000028176OSt20250621074007.0110407s2010 dr ac 001 0dspa d a9789945457285 aDO-SdBNPbspacBNPHU aBNPD a972.93053bD559n1 aDiederich, Bernard,d1927-94501910aNavidad con libertad :bla lucha por la libertad del pueblo dominicano, 1961 /cBernard Diederich. a[1ª ed. en español] aSanto Domingo :bSociedad Dominicana de Bibliófilos,c2010. a317 p. :bil., retr. ;c23 cm.1 aBibliófilos 2000v30 aIncluye datos biográficos del autor en la contracubierta. aIncluye bibliografía y notas al pie de páginas.0 gIntroducción /tMataron al Chivo --t¿El chofer de El Jefe? --tUna noticia mundial --tEl Obispo O´Reilly: última víctima de Trujillo --tEl alcance letal de El Jefe --tEl Pato: el nuevo dictador --tEl nuevo elenco de personalidades en Ciudad Trujillo --tLa breve visita de la OEA --tSacha Volman, hombre de avance del PRD --tVisita al siquiatra --tRegresan los exiliados del PRD --tLos partidos políticos. Movimiento Popular Dominicano --tDe la frontera a Ciudad Trujillo --t¿Presidente títere? --tLa Sosúa judía tiene víctimas --tMataron a Bermúdez --tBalaguer pronostica una guerra civil --tBatalla de las sanciones: ¡Basta ya! --tCastro dicta la política --tTrato secreto con los hombres de Kennedy --tProfesor Juan Bosch, el patriota errante --t¿Golpe de Estado o coalición? --tVacaciones para Petán y Negro --tDestruyendo el pasado --tLas cabezas hablantes --tEl cortejo de la prensa extranjera --tLlorando en su Whisky Chivas Regal. El fin de Ramfis --tAsesinaron y se despidieron --tPerdura la mentalidad de censura --tMi cárcel fronteriza --tNavidad con libertad --tAmistades que lo arriesgaron todo --tHéroe por un sólo día --tEl golpe de Rodríguez Echavarría --tFin del Club del Dictador --gÍndice de nombres.10aTrujillo Molina, Rafael Leónidas, d1891-1961xMuerte910869 4aHomicidio políticozRepública Dominicana911383 0aRepública Dominicana --xHistoria --y1961-96572 0aRepública DominicanaxPolítica y gobierno945 0aBibliófilos 2000n30955177 aValidado. Control de calidad EMS 2ddccLBS1 001054708DSaGRbGRcHDd2011-04-07iLF1l0o972.93053 D559np28176-30r2020-06-25te. 3w2020-06-25yLFDSZPréstamo en sala 001054708DSaGRbGRcHDd2011-04-18iLF1l0o972.93053 D559np28176-40r2020-06-25te. 4w2020-06-25yLFDSZPréstamo en sala 001054708DSaGRbGRcHDd2011-04-18iLF1l0o972.93053 D559np28176-50r2020-06-25te. 5w2020-06-25yLFDSZPréstamo en sala 0010718PDaPDbPDcHDd2011-04-07iLF1l0o972.93053 D559np28176-10r2020-06-25w2020-06-25yLFPDZNo se presta 0010718PDaPDbPDcHDd2011-04-07iLF1l0o972.93053 D559np28176-20r2020-06-25te. 2w2020-06-25yLFPDZNo se presta c27668d27668